| 000 | 00421nam a2200181Ia 4500 | ||
|---|---|---|---|
| 008 | 210210b1928 xxu||||| |||| 00| 0 eng d | ||
| 041 | _aeng | ||
| 082 | _a823/352 | ||
| 100 | _aSHAKESPEARE (William) | ||
| 245 | _aTaming of the shrew | ||
| 260 |
_aCambridge _bAt the University Press _c1928 |
||
| 650 | _athe | ||
| 650 | _aTaming | ||
| 650 | _ashrew | ||
| 650 | _aof | ||
| 690 | _aEnglish Drama | ||
| 906 | _a013896 | ||
| 999 |
_c132965 _d132965 |
||